Countries of Europe with a Map - If the Icecaps Melted - Statistics

General Stats
  • This quiz has been taken 1,618 times
  • The average score is 41 of 42
Answers on the Map
Answers color-coded by a green-red scale on the quiz's map according to % correct below.
 
Answer Stats
Country % Correct
United Kingdom
99%
Belgium
98%
Denmark
98%
France
98%
Germany
98%
Ireland
98%
Italy
98%
Russia
98%
Spain
98%
Sweden
98%
Austria
97%
Estonia
97%
Finland
97%
Greece
97%
Iceland
97%
Latvia
97%
Norway
97%
Poland
97%
Portugal
97%
Switzerland
97%
Ukraine
97%
Andorra
96%
Belarus
96%
Bulgaria
96%
Croatia
96%
Czech Republic
96%
Hungary
96%
Liechtenstein
96%
Lithuania
96%
Luxembourg
96%
Monaco
96%
Romania
96%
San Marino
96%
Slovakia
96%
Slovenia
96%
Albania
95%
Bosnia and Herzegovina
95%
Kosovo
95%
Moldova
95%
Serbia
95%
Montenegro
94%
Macedonia
93%
No matching quizzes found
Score Distribution
Percent of People with Each Score
Percentile by Number Answered
Your Score History
You have not taken this quiz